000 00616nam a2200205Ia 4500
003 OSt
005 20230417105439.0
008 210423s2010 xx 000 0 und d
020 _a9788130906492
040 _cAL
041 _aeng
082 _a809.935 BLOH
100 _aBLOOM (Harold),Ed.
_989166
245 _aViva modern critical interpretations William Shakespeares Julius Caesar.
260 _aNew Delhi
_bViva Books Pvt Ltd
_c2010
300 _avii,144
_bPB
365 _b125
_cINR
906 _acaesar. ; critical ; interpretations ; julius ; modern ; Shakespeares ; Viva ; William
942 _2ddc
_cBK
999 _c159900
_d159900